01118nam a2200193 a 4500008004100000020001800041050001600059100002900075245013700104250001200241260005000253300001400303650002100317650004100338995018000379995017400559995017400733999001700907150817s2001 ||||||||||||||||| || u a9780130190260 aQP 34.5 Sil aSilverthorn, Dee Uuglaub10aInstructor's resource guide: human physiology: an integrated approach. (2nd ed.)cby Dee Unglaub Silverthorn and Richard Damian Hill a2nd ed. aUnited States of AmericabPrentice Hallc2001 apagenated 0aHUMAN PHYSIOLOGY aHUMAN PHYSIOLOGY--INSTRUCTOR'S GUIDE aMICHAEL CHILUFYA SATA OPEN ACCESSe903049FCBU-SCHOOL OF MEDICINE LIBRARY (Ndola)I0.00jQP 34.5 SilM1UAVAILABLEWSep 7, 2015y903049ZMedical Library Open Access Collection aMEDICAL LIBRARY OPEN ACCESSe903050FCBU-SCHOOL OF MEDICINE LIBRARY (Ndola)I0.00jQP 34.5 SilM2UAVAILABLEWSep 7, 2015y903050ZMedical Library Open Access Collection aMEDICAL LIBRARY OPEN ACCESSe903051FCBU-SCHOOL OF MEDICINE LIBRARY (Ndola)I0.00jQP 34.5 SilM3UAVAILABLEWSep 7, 2015y903051ZMedical Library Open Access Collection c64196d64196